| 000 | 00799aam a2200301 i 4500 | ||
|---|---|---|---|
| 001 | 768714001 | ||
| 003 | CO-MdFUSB | ||
| 005 | 20250522161128.0 | ||
| 007 | ta | ||
| 008 | 250522t1974 -us |||| |||| 00| 0 eng d | ||
| 020 | _a0-913686-04-2 | ||
| 040 | _cCO-MdFUSB | ||
| 041 | 0 | _aeng | |
| 082 | 0 | 4 |
_223 _a248.4 _bL751w |
| 100 | 1 |
_aLindsell, Harold (1913-) _eautor |
|
| 245 | 1 | 0 |
_aThe world, the flesh and the devil _c/ Harold Lindsell |
| 264 | 1 |
_bCanon Press, _aWashington, DC., USA : _c[1974] |
|
| 264 | 4 | _c©1974 | |
| 300 | _a227 páginas | ||
| 336 |
_atexto _btxt _2rdacontent |
||
| 337 |
_2rdamedia _asin mediación _bn |
||
| 338 |
_2rdacarrier _avolumen _bnc |
||
| 563 | _aRústico | ||
| 650 | 0 |
_aVida cristiana _919 |
|
| 942 | _cBK | ||
| 945 | _aJTF-925 | ||
| 999 |
_c35829 _d35829 |
||